| 000 | 00991cam a2200289 i 4500 | ||
|---|---|---|---|
| 001 | 3443464 | ||
| 003 | EG-ScBUE | ||
| 005 | 20241013085958.0 | ||
| 008 | 911106r19951991enkdk f b f001 0 eng d | ||
| 020 | _a0521378974 (pbk.) | ||
| 020 | _a9780521378970 | ||
| 040 |
_aDLC _beng _erda _cDLC _dDLC _dEG-ScBUE |
||
| 082 | 0 | 4 |
_a515.35 _222 _bHIN |
| 100 | 1 |
_aHinch, E. J., _eauthor. _938321 |
|
| 245 | 1 | 0 |
_aPerturbation methods / _cE. J. Hinch, lecturer in mathematics, University of Cambridge. |
| 250 | _3Reprint edition. | ||
| 264 | 1 |
_aCambridge ; _aNew York : _bCambridge University Press, _c1995. |
|
| 300 |
_axi, 160 pages : _bcharts, forms ; _c24 cm. |
||
| 490 | 0 | _aCambridge texts in applied mathematics | |
| 500 | _aTransferred to digital printing 2002. | ||
| 504 | _aIncludes bibliographical references and index. | ||
| 650 | 7 |
_aPerturbation (Mathematics) _2BUEsh _936431 |
|
| 651 | _2BUEsh | ||
| 653 |
_bENGELC _cJune2015 _cAugust2015 |
||
| 655 | _vReading book | ||
| 942 |
_2ddc _cBB |
||
| 999 |
_c19585 _d19557 |
||